000 00636nam a2200217Ii 4500
003 JO-AjNU
008 230606s9999||||xx |||||||||||||| ||und||
020 _a978-0-19-883875-3
040 _aJO-AjNU
_beng
_erda
_cJO-AjNU
041 _aeng
050 1 4 _aKD750.A29 B58 2019
100 3 _aedited George, Rob,
_eauthor
_96116
245 0 0 _aBlackstone's statutes on Family law 2019-2020
250 _a28th ed
264 3 1 _aOxford: Oxford University Press, 2019
300 _a684p
336 _atext
_btxt
_2rdacontent
337 _aunmediated
_bn
_2rdamedia
338 _avolume
_bnc
_2rdacarrier
650 4 _aDomestic relations
_96117
999 _aE3175
_c3171
_d3171